Cliquez sur la bonne traduction en corse - Les couleurs - Statistiques

Statistiques générales
  • Ce quiz a été pris 157 fois
  • Le résultat moyen est 10 sur 11
Statistiques - réponses
Hint Réponse % Correct
Vert Verde
98%
Marron Marrone
97%
Gris Grisgiu
96%
Rose Rosa
96%
Blanc Biancu
95%
Noir Neru
95%
Violet Purpura
90%
Jaune Ghjallu
85%
Rouge Rossu
85%
Orange Aranciu
81%
Bleu Turchinu
70%
Aucun quiz correspondant
Distribution des résultats
% des personnes avec chaque résultat
Percentile par nombre de réponses
Votre historique - résultats
Vous n’avez pas pris ce quiz